00000000nam##2200000za#4500
0019.583733
003CaOODSP
00520210624192743
007cr |||||||||||
008150406|2009||||xxc|||||o    f|0| 0 eng|d
020 |a978-1-100-50149-9
022 |a1915-8858
040 |aCaOODSP|beng
041 |aeng
041 |afre
043 |an-cn---
0861 |aM116-2/038B01-PDF
1101 |aCanada.|bNatural Resources Canada. |bCentre for Topographic Information.
24510|aOliver Glacier, Nunavut |h[electronic resource]
250 |aEd. 01, version 00
255 |aScale 1:50,000
260 |aOttawa - Ontario : |bNatural Resources Canada. |c2009.
300 |a1p.|bcoloured map
4901 |aCanadian topographic maps |x1915-8858|v38-B/1
500 |aSeries A713. Includes a legend.
590 |a10-09|b2010-03-05
7760#|tOliver Glacier, Nunavut |w(CaOODSP)9.548871
792 |tOliver Glacier, Nunavut |efre|w(CaOODSP)9.583734
830#0|aCanadian topographic maps,|x1915-8858|v38-B/1|w(CaOODSP)9.500293
85640|ahttp://publications.gc.ca|qPDF|s5938 KB|u https://publications.gc.ca/collections/collection_2010/nrcan/topo/M116-2-038B01.pdf|y38-B/1